Normal view
MARC view
Entry Personal Name
001 - CONTROL NUMBER
- control field: 10989
003 - CONTROL NUMBER IDENTIFIER
- control field: OSt
005 - DATE AND TIME OF LATEST TRANSACTION
- control field: 20220114143254.0
008 - FIXED-LENGTH DATA ELEMENTS
- fixed length control field: 220114|| aca||aabn | a|a d
040 ## - CATALOGING SOURCE
- Original cataloging agency: OSt
- Transcribing agency: OSt
100 ## - HEADING--PERSONAL NAME
- Personal name: PCQ-May-2008
670 ## - SOURCE DATA FOUND
- Source citation: Work cat.: (OSt): PCQ-May-2008, Ultimate servers collection tibco, ms silverlight tools 2.0